Gus Nicknames Quiz Stats

 Plays Quiz not verified by Sporcle

Score 0/105 Timer 08:00
0 Plays Today
Nickname % Correct
Bruton Gaster
46.7%
Lavender Gooms
46.7%
Magichead
40%
Jazz Hands
40%
Shawn
40%
MC ClapYoHandz
40%
Bighead Burton
33.3%
Gus 'Sillypants' Jackson
33.3%
Tan
33.3%
Homeskillet
26.7%
Gus T.T. Showbiz
26.7%
Die Harder
20%
Big Baby Burton
20%
Chocolate Columbo
20%
Ovaltine Jenkins
20%
NickNack
20%
Squirts MacIntosh
20%
Francois
20%
Methuselah Honeysuckle
20%
John Slade
20%
Ghee Buttersnaps
20%
Control Alt Delete
20%
Galileo Humpkins
13.3%
Matt
13.3%
Burt the Billowy Bear
13.3%
Blackstar
13.3%
Slicks
13.3%
Schoonie 'U-Turn' Singleton
13.3%
Bud
13.3%
Fearless Guster
13.3%
Shmuel Cohen
13.3%
Felicia Fancybottom
13.3%
Longbranch Pennywhistle
13.3%
Scrooge Jones
13.3%
Hummingbird Saltalamacchia
13.3%
Nickname % Correct
Hollabackatcha
13.3%
Gus Brown
13.3%
Detective Miles
13.3%
Ron Davis
13.3%
Rich Fingerland
13.3%
Gurton Buster
13.3%
G-Force
13.3%
Don Cheadle
13.3%
Jr.
13.3%
Radio Star
13.3%
Fingers
6.7%
Curtis
6.7%
Spellmaster
6.7%
SuperSniffer
6.7%
Peter Panic
6.7%
Lemongrass Gogulope
6.7%
Weepy Boy Santos
6.7%
Dr. Mctook
6.7%
Dequan 'Smallpox' Randolph
6.7%
Sterling Cooper
6.7%
Bob Adams
6.7%
Black Magic
6.7%
Vault of Secrets
6.7%
Guts
6.7%
Ol' Ironside
6.7%
John Jacob Jingley Schmidt
6.7%
Chaz Bono
6.7%
Sher Black Lock
6.7%
Mrs. Whittlebury
6.7%
Mellowrush
6.7%
Imhotep
6.7%
Yasmine Bleeth
6.7%
Lodge Blackman
6.7%
Gus Jay Gupta
6.7%
6.7%
Nickname % Correct
6.7%
6.7%
Vernest Lambert Watkins
0%
Stewart Lee
0%
Shutterfly Simmons
0%
Paddy Simcox
0%
Chesterfield McMillan (and wife)
0%
Ernesto Agapito Garces Conde de Abelar
0%
D'Andre Pride
0%
Wally Ali
0%
Art Vandelay
0%
Trapezius Milkington
0%
Burton 'Oil Can' Guster
0%
Greg
0%
Doughnut Holschtein
0%
Harry Munroe
0%
Cheswick
0%
Shaggy Buddy Snap
0%
Clementine Woolysocks
0%
Pinky Guscatero
0%
Old Iron Stomach
0%
Bruce Lee
0%
Santonio Holmes
0%
Deon Richmond
0%
Chocolate Einstein
0%
Crankshaft
0%
Sammy
0%
Joey Bishop
0%
Slick Fingers
0%
The Jackal
0%
Adewale Akinnuoye-Agbaje
0%
Killerbee
0%
Mission Figs
0%
Sundown
0%
The Black Goose
0%

You're not logged in!

Compare scores with friends on all Sporcle quizzes.
OR
Log In

Sporcle TV

Today on Sporcle TV


Watch our educational content, quiz creation guides, and fun videos on Sporcle TV.

Show Comments

Extras

Created Jan 27, 2011ReportNominate
Tags:gus, guster, nickname, Tim Burton

Top Quizzes Today


Score Distribution

Your Account Isn't Verified!

In order to create a playlist on Sporcle, you need to verify the email address you used during registration. Go to your Sporcle Settings to finish the process.

Report this User

Report this user for behavior that violates our Community Guidelines.

Details: